000 00278nam a2200121Ia 4500
008 220204s9999 xx 000 0 und d
082 _a944
_bWIN
100 _aWinston, Clara
245 0 _aNotre dame de Paris
260 _aNew York
_bNewsweek
700 _aRichard
942 _cBK
999 _c29656
_d29656